KOHA-Header-6

Microelectronic Circuits theory and applications (Record no. 831)

000 -LEADER
fixed length control field 00332nam a2200121Ia 4500
008 - FIXED-LENGTH DATA ELEMENTS--GENERAL INFORMATION
fixed length control field 190722s9999 xx 000 0 und d
020 ## - INTERNATIONAL STANDARD BOOK NUMBER
International Standard Book Number 0-19-808913-9
100 ## - MAIN ENTRY--PERSONAL NAME
Personal name Adel.S.Sedra Kenneth
245 #0 - TITLE STATEMENT
Title Microelectronic Circuits theory and applications
260 ## - PUBLICATION, DISTRIBUTION, ETC. (IMPRINT)
Place of publication, distribution, etc India
Name of publisher, distributor, etc Oxford university press
Date of publication, distribution, etc 2015
300 ## - PHYSICAL DESCRIPTION
Extent 1384
942 ## - ADDED ENTRY ELEMENTS (KOHA)
Koha item type Books
Holdings
Withdrawn status Lost status Damaged status Not for loan Collection code Permanent Location Current Location Shelving location Date acquired Full call number Barcode Date last seen Price effective from Koha item type
      Not For Loan Electrical Engineering MAJU MAJU   2019-07-22 621.3815 7457 2019-07-22 2019-07-22 Electrical Engineering

Powered by Koha